| 000 | 01126nam a2200289 i 4500 | ||
|---|---|---|---|
| 001 | 186945 | ||
| 003 | SpMaBN | ||
| 005 | 20230906222758.0 | ||
| 008 | 170306s1958 sp a |||| |dspa d | ||
| 080 | _a75.036(44) | ||
| 100 | 1 |
_aDorival, Bernard. _945407 |
|
| 245 | 1 | 3 |
_aLa pintura francesa _b: pintores del siglo XX de la Escuela de París / _cpor Bernard Dorival ; traducción de Elisabeth Mulder. |
| 246 | 3 | 4 |
_aPintura francesa _b: los pintores del siglo XX |
| 260 |
_aMadrid ; _aBarcelona : _bGarriga, _c[1958] |
||
| 300 |
_a2 v. : _bil. col. ; _c24 cm. |
||
| 490 | 1 |
_aColección "Pictura" ; _v6-7 |
|
| 500 | _aÍndices. | ||
| 504 | _aBibliografía: p. 143-145 (v. 1), p. 173-175 (v. 2) | ||
| 505 | 8 |
_aContiene: I ; _tNabis. Fauves. Cubistas (149 p.) - II ; _tDel cubismo al arte abstracto, 1914-1957 (179 p.) |
|
| 599 | _aCon lám. col. adheridas. | ||
| 650 | 7 |
_aEscuela de París. _9161969 |
|
| 650 | 4 |
_aPintura francesa- _yS.XX. _9161970 |
|
| 700 | 1 |
_aMulder, Elisabeth. _984098 |
|
| 830 | 0 |
_aColección "Pictura" ; _v6-7 _9192706 |
|
| 852 |
_aES-MaACL _jL-31188-89 _z- enc. tela |
||
| 999 |
_c186945 _d186945 |
||